000 00494nam a2200193Ia 4500
003 LK-CoDNM
005 20241128120049.0
008 010623t1957 xxu||||| |||| 00| 1 sin d
040 _aLK-CoDNM
_dLK-CoDNM
_eLK-CoDNM
041 _asin
080 _a294.3
_bCNW
100 _aWajirawansa Thero,Matara.
245 _aනිර්වාණ වාදය
246 _aNirvana Vadaya
260 _bGunasena Jayasundara
_c1957
300 _b128p. ; 18 cm
650 _aBUDDHISM
942 _cBK
999 _c104500
_d104500